• 首页
  • 本馆介绍
  • 公告通知
  • 最新文献
  • 馆藏检索
  • 电子资源
  • 读者导购
  • 参考咨询
  • 我的图书馆
  • 登录
  • 期刊详细显示
  • 现刊情况显示
  • 合订本情况显示
  • 篇目信息显示

期刊信息

  • 表格格式
  • 工作单格式
  • 卡片格式
索取号 
N5/YTDX
题名 
烟台大学学报
作者 
烟台大学学报编辑部
分册号 
分册名 
出版地 
烟台(山东)
出版者 
该刊编辑部
标准刊号 
出版频率 
半年刊
中图法分类 
N
主题词 
自然科学 丛书; 自然科学 文集; 自然科学 连续出版物
电子资源 
000 01318nas002200349 45
001 1196110135
005 20070410173125.85
091    @aCN@b37-1104
100    @a19930605a19889999km y0chiy0121 eb
101 0  @achi@dchi@deng@eeng
102    @aCN@b370000
110    @aajaz 0yy0
200 1  @a烟台大学学报@AYAN TAI DA XUE XUE BAO@f烟台大学学报编辑部@FYan Tai Da Xue Xue Bao Bian Ji Bu@i自然科学与工程版@IZI RAN KE XUE YU GONG CHENG BAN@dJournal of Yantai University@iNatural science and engineering@zeng
207  0 @a1988,no.1(1988,12,15)=[总1];1989,no.1(1989,6)~=总2~
210    @a烟台(山东)@b山东省烟台市清泉寨(邮码264005)@c该刊编辑部@d1988~
215    @d26cm
300    @a张承先题写刊名
326    @a半年刊@b1989~
327    @a研究简报@a应用技术@a文献综述@a科技动态
510 1  @aJournal of Yantai University@iNatural science and engineering@zeng
540 1  @a烟台 大学 学报 自然 科学 工程@AYAN TAI DA XUE XUE BAO ZI RAN KE XUE GONG CHENG
606 0  @a自然科学@x丛书
606 0  @a自然科学@x文集
606 0  @a自然科学@x连续出版物
676    @a505@v19
690    @aN@v3
690    @aT@v3
690    @aN5@v4
701  0 @a钱振为@AQIAN ZHEN WEI@4主编
711 02 @a烟台大学学报编辑部@AYan Tai Da Xue Xue Bao Bian Ji Bu
801  0 @aCN@bPFT@c20070410
905    @a1@cQ@dN5@eYTDX
    
    烟台大学学报/烟台大学学报编辑部.自然科学与工程版=Journal of Yantai University.Natural science and engineering.-1988,no.1(1988,12,15)=[总1];1989,no.1(1989,6)~=总2~.-烟台(山东)(山东省烟台市清泉寨(邮码264005)):该刊编辑部,1988~
    26cm
    张承先题写刊名
    部分内容:研究简报;应用技术;文献综述;科技动态
    
    
●
相关链接: 在易读查询期刊 在中国知网中查询期刊 在万方数据查询期刊 在维普查询期刊
唐山师范学院图书馆 欢迎您!
大连网信软件有限公司© 版权所有